000 00878nam a2200229Ia 4500
001 17915
003 GE_BSU
008 181216s||||||||xx |||||||||||||| ||und||
040 _cGE_BSU
080 _a82-93:821.353.1
100 _aკეცხოველი, ნ.
245 _aთოვლიან მთებში
245 _cრედ.ქ.ქუჩუკაშვილი.მხ. ო.ჯიშკარიანი
260 _aთბილისი
260 _bნაკადული
260 _c1967
300 _a268გვ.21სმ.
653 _aთოვლიან მთებში
653 _aიალბუზი, უშბას სადარაჯოზე. ხუთი მდინარის სათავეში
653 _aორი ზეკარის გადაღმა და გადმოღმა
942 _cBK
999 _c50958
_d50958